|
|
|
|
| LEADER |
00000cam a2200000 a 4500 |
| 001 |
vtls001515579 |
| 003 |
SK-MaSNL |
| 005 |
20260301183146.0 |
| 008 |
251112s1562 gw 000 0 ger |
| 015 |
|
|
|a SNBHFA1562
|
| 035 |
|
|
|a urn:nbn:sk:snk-am00fh0p
|
| 035 |
|
|
|a urn:nbn:sk:snk-am3ivdw
|
| 035 |
|
|
|a BBB392A4-4B14-4CC2-9A41-362D22BC8E14
|
| 040 |
|
|
|a SNK
|b slo
|c SNK
|e AACR2
|
| 041 |
1 |
|
|a ger
|h cze
|
| 044 |
|
|
|a gw
|c DE
|
| 072 |
|
7 |
|a 82
|x Literatúra. Literárny život
|2 konspekt
|
| 080 |
|
|
|a 82
|2 2011
|
| 100 |
1 |
|
|a Melanchthon, Philipp,
|d 1497-1560
|4 aut
|9 42142
|
| 243 |
1 |
0 |
|a Declamatio
|
| 245 |
1 |
0 |
|a Ein schöne herrliche Declamation/ von dem grossen vnd theuwrn Fürsten Friderico Barbarossa genañt/ von seinen grossen Thaten/ Leben vnd wesen. / Vnnd jetzo mit fleiß inns Teutsch gebracht/ Durch Georgium Lauterbecken / Manßfeldischen Cantzler
|c Durch Philippum Melanthonem zu Latein beschrieben
|
| 246 |
1 |
3 |
|a Declamatio
|
| 260 |
|
|
|a Getruckt zů Franckfurt am Mayn
|b durch Georg Raben/ vnd Weygand Hanen Erben
|c 1562
|
| 300 |
|
|
|a 31 listov
|c 8°
|
| 500 |
|
|
|a Ded.: Maximilián II. - cisár rímsko-nemecký; Lauterbeck, Georg
|
| 500 |
|
|
|a Iniciálky s ornamentálnym pozadím vo voľnom priestore na 5, 6 riadkov, kustódy
|
| 501 |
|
|
|a Príväzok 4. k: ECKHARD, Georg st.: Sechzehn Predig. - Gedruckt zu Nürnberg : durch Christoff Heuszler, M.D.LXII. [=1562].
|5 SNK ID 101141
|
| 508 |
|
|
|a Dedikácia: Maximilián II. - cisár rímsko-nemecký; Lauterbeck, Georg
|
| 510 |
0 |
|
|a VD 16 M/3432
|
| 561 |
|
|
|a Z knižnice františkánov v Bratislave.
|5 SNK ID 101141/prív.4
|
| 600 |
0 |
7 |
|a Friedrich I. Barbarossa - cisár nemecký
|2 SNKMA
|9 558035
|
| 650 |
0 |
7 |
|a literatúra
|2 SNKPH
|9 1427
|
| 655 |
|
7 |
|a staré tlače
|2 SNKPH
|9 69193
|
| 700 |
1 |
|
|a Lauterbeck, Georg,
|d asi 1505-asi 1578
|4 dto
|4 trl
|9 128807
|
| 700 |
0 |
|
|a Maximilián
|b II.,
|c cisár Svätej ríše rímskej,
|d 1527-1576
|4 hnr
|9 129144
|
| 700 |
1 |
|
|a Rab, Georg,
|c starší,
|d zomrel 1580
|4 prt
|9 129945
|
| 700 |
1 |
|
|a Han, Weigand,
|c dedičia,
|d 16. storočie
|4 prt
|9 184268
|
| 710 |
2 |
|
|a Rab, Georg starší - Han, Weigand - dedičia (Frankfurt nad Mohanom, Nemecko)
|4 prt
|9 184269
|
| 710 |
1 |
|
|a Františkáni (Bratislava, Slovensko)
|4 fmo
|9 281881
|
| 752 |
|
|
|a Nemecko
|d Frankfurt nad Mohanom
|
| 852 |
|
|
|a snk
|b Historické fondy
|p ID 101141/prív.4
|
| 958 |
|
|
|a ONDV
|
| 999 |
|
|
|c 856019
|d 857949
|
| 952 |
|
|
|t Fr Ba 8159
|a SNK
|b SNK
|c SNK_HF
|y PREZ
|7 0
|p 17A1355390
|o snkID 101141/prív.4
|i snk2019/12237
|8 5
|0 0
|1 0
|4 0
|d 2005-04-05
|f 1
|l 0
|r 2005-04-05 00:00:00
|w 2026-02-24
|